01087nam a22002537a 450000100060000000300080000600500170001400800410003103500190007204000350009104100080012608200290013410000340016324501670019726000730036430000380043750200780047550400340055365000270058770000430061494200130065799900170067095201460068779861BD-RjUL20230129111757.0220526s2009 bg a|||| m||| 00| 0 eng d a(BD-RjUL)79861 aBD-RjULbengcBD-RjULdBD-RjUL aeng 223a633.185492bKAI 2009 aKarmokar, Provash Kumar9321610aInvestigating the interrelationship among the various factors in boro rice production of Bangladesh, /cProvash, Kumar Karmokar ;6Suoervision : M. A. Basher Mian aRajshahi :bDepartment of Statistics, University of Rajshahi, c2009 axiv, 137 leaves :bill, ;c29.cm. aThesis (Ph. D.) -- Department of Statistics, University of Rajshahi, 2009 aReferences : Leaves 122 - 137 aRicezBangladesh93217 aMian, M. A. Basher, Suoervision 93218 2ddccTHE c79861d79861 102ddc40718THESESaRUCLbRUCLcDoc/Thed2010-06-05eController of Exam. R.UoTHE 633.185492 KAI 2009pD3062r2022-05-26 00:00:00tC-1yTHE